000 00445nam a2200181Ia 4500
001 3042
005 20260306144851.0
008 260306t2015||||xx |||||||||||||| ||spa||
041 _aESP
082 _a245.2
_bL27
100 _aLassus, Alain-Marie de
_eAUT
245 0 _aLas virtudes teologales:
_bfe, esperanza, caridad
260 _c2015
300 _a187 páginas :
_c19 cm.
650 _aGEN
654 _aCHU
942 _cLIB
_dJUS
_fJUS
_2ddc
_n
999 _c3042
_d3042